[Event "Int. Stuttgarter Stadtmeisterschaft B"]
[Site "Ditzingen"]
[Date "2016.05.07"]
[Round "6.42"]
[White "Sinner, Viktor"]
[Black "Weisensel, Wolfgang"]
[Result "1/2-1/2"]
[WhiteElo "1533"]
[BlackElo "1685"]
[PlyCount "117"]
[EventDate "2016.??.??"]
[WhiteTeam "TSV/RSK Esslingen"]
[BlackTeam "Stuttgarter SF"]

1. e4 e5 2. Nf3 Nc6 3. Bb5 a6 4. Ba4 Be7 5. O-O b5 6. Bb3 d6 7. h3 Nf6 8. Re1
Bb7 9. c3 Na5 10. Bc2 c5 11. d4 cxd4 12. cxd4 Qc7 13. Nbd2 Nc6 14. Nb3 O-O 15.
Bg5 Rac8 16. Qd2 Nb8 17. Rac1 exd4 18. Nbxd4 Qb6 19. Be3 Qd8 20. e5 dxe5 21.
Nxe5 Be4 22. Bb3 Rxc1 23. Rxc1 Bb7 24. Ndc6 Nxc6 25. Nxc6 Bxc6 26. Rxc6 Qxd2
27. Bxd2 Ra8 28. Rc7 Kf8 29. a3 Ne8 30. Rb7 Nd6 31. Rb6 Nc8 32. Rc6 Nd6 33. Bb4
Ne8 34. Bxe7+ Kxe7 35. a4 bxa4 36. Bxa4 a5 37. Rb6 Nd6 38. Bc6 Ra7 39. Bd5 g6
40. Kf1 h5 41. h4 Nc8 42. Rb3 Nd6 43. Ke2 Nf5 44. Rh3 Kd6 45. Be4 Nd4+ 46. Kd2
Ne6 47. Ra3 Kc5 48. g3 Kb4 49. Re3 Rd7+ 50. Kc2 Rc7+ 51. Kb1 Nc5 52. Bc2 Ra7
53. Re5 Rc7 54. Re8 Rb7 55. Rd8 Ra7 56. Rb8+ Rb7 57. Rxb7+ Nxb7 58. Be4 Nd6 59.
Bd5 1/2-1/2

[Event "Int. Stuttgarter Stadtmeisterschaft B"]
[Site "Ditzingen"]
[Date "2016.05.07"]
[Round "6.43"]
[White "Steinmassl, Guido"]
[Black "Wagner, Herbert"]
[Result "1-0"]
[WhiteElo "1622"]
[BlackElo "1404"]
[PlyCount "43"]
[EventDate "2016.??.??"]
[WhiteTeam "SK Gerlingen"]
[BlackTeam "SC Kreut"]

1. Nf3 f5 2. d4 g6 3. Nc3 Nf6 4. e3 Bg7 5. Bd3 d6 6. O-O O-O 7. Re1 c6 8. e4
fxe4 9. Nxe4 Nxe4 10. Bxe4 Bf5 11. Bxf5 Rxf5 12. Qe2 e5 13. dxe5 Bxe5 14. Qd3
b6 15. Nxe5 Qe7 16. Nf3 Qf8 17. Qe4 h6 18. Qe6+ Kg7 19. Bd2 Na6 20. Bc3+ Kh7
21. Rad1 Rc8 22. Rxd6 1-0

[Event "Int. Stuttgarter Stadtmeisterschaft B"]
[Site "Ditzingen"]
[Date "2016.05.07"]
[Round "6.44"]
[White "Stegmiller, Dennis"]
[Black "Forster, Lukas"]
[Result "0-1"]
[WhiteElo "1454"]
[BlackElo "1600"]
[PlyCount "60"]
[EventDate "2016.??.??"]
[WhiteTeam "TSF Ditzingen"]
[BlackTeam "Stuttgarter SF"]

1. d4 Nf6 2. c4 g6 3. g3 Bg7 4. Bg2 d6 5. Nf3 O-O 6. O-O Nc6 7. Nc3 a6 8. e4
Bg4 9. h3 Bxf3 10. Bxf3 e5 11. d5 Nd4 12. Be3 Nd7 13. Bxd4 exd4 14. Ne2 Qf6 15.
Bg2 c5 16. Qb3 Qe7 17. f4 f5 18. Qd3 Rae8 19. Qb3 fxe4 20. Qxb7 Rb8 21. Qxa6
Rxb2 22. Nc1 d3 23. Nxd3 exd3 24. Rae1 Bd4+ 25. Kh1 Re2 26. Rd1 d2 27. Bf3 Re1
28. Qa5 Rxd1 29. Rxd1 Qe3 30. Bg4 Bc3 0-1

[Event "Int. Stuttgarter Stadtmeisterschaft B"]
[Site "Ditzingen"]
[Date "2016.05.07"]
[Round "6.45"]
[White "Tölg, Wolfgang"]
[Black "Ungerer, Tobias"]
[Result "1-0"]
[WhiteElo "1598"]
[BlackElo "1333"]
[PlyCount "45"]
[EventDate "2016.??.??"]
[WhiteTeam "SF Oeffingen"]
[BlackTeam "Schach-Kids Bernhausen"]

1. e4 c5 2. Nf3 d6 3. d4 cxd4 4. Nxd4 Nf6 5. Nc3 g6 6. Bc4 Bg7 7. Bb3 Bd7 8.
O-O O-O 9. Kh1 Nc6 10. Be3 Rc8 11. f4 Bg4 12. Qd2 e5 13. Nxc6 Rxc6 14. f5 a6
15. h3 Bh5 16. g4 Nxg4 17. hxg4 Bxg4 18. Bg5 Qd7 19. Nd5 gxf5 20. exf5 Bxf5 21.
Rxf5 Qxf5 22. Ne7+ Kh8 23. Nxf5 1-0

[Event "Int. Stuttgarter Stadtmeisterschaft B"]
[Site "Ditzingen"]
[Date "2016.05.07"]
[Round "6.46"]
[White "Hornung, Richard"]
[Black "Kayser, Florian"]
[Result "1-0"]
[WhiteElo "1662"]
[BlackElo "1295"]
[PlyCount "93"]
[EventDate "2016.??.??"]
[WhiteTeam "SG Schwabing München"]
[BlackTeam "TSV/RSK Esslingen"]

1. Nf3 Nf6 2. b3 e6 3. Bb2 d5 4. d4 Nbd7 5. e3 Be7 6. Be2 b6 7. O-O Bb7 8. Nbd2
Rc8 9. c4 O-O 10. cxd5 Bxd5 11. Ba6 Rb8 12. Qe2 c5 13. e4 Bb7 14. Bxb7 Rxb7 15.
Rac1 Rc7 16. Ne5 cxd4 17. Nc6 Rxc6 18. Rxc6 Nc5 19. e5 d3 20. Qf3 Nd5 21. Rxc5
Bxc5 22. Qxd3 Qe7 23. Ne4 Rd8 24. Qg3 Kf8 25. Nd6 g6 26. Ne4 h5 27. Bc1 Qc7 28.
Bg5 Rc8 29. Rc1 Qb7 30. Bh6+ Kg8 31. Nd6 Bxd6 32. Rxc8+ Qxc8 33. exd6 Kh7 34.
Bd2 Nf6 35. Qf4 Kg7 36. Qh6+ Kg8 37. Qf4 Nd7 38. h3 Kf8 39. Kh2 Ke8 40. Qg5 Qd8
41. Qh6 Nc5 42. Qh8+ Kd7 43. Qd4 Nb7 44. Bf4 Qb8 45. Qa4+ Kd8 46. Bg5+ Kc8 47.
Qc6+ 1-0

[Event "Int. Stuttgarter Stadtmeisterschaft B"]
[Site "Ditzingen"]
[Date "2016.05.07"]
[Round "6.47"]
[White "Klüppel, Werner"]
[Black "Richter, Gerrit"]
[Result "1/2-1/2"]
[WhiteElo "1392"]
[BlackElo "1561"]
[PlyCount "28"]
[EventDate "2016.??.??"]
[WhiteTeam "SC Pforzheim"]
[BlackTeam "TSV/RSK Esslingen"]

1. e4 e6 2. Nf3 d5 3. exd5 exd5 4. d4 Nf6 5. Be2 Bd6 6. Bg5 O-O 7. O-O c6 8. c3
Bf5 9. Re1 Nbd7 10. Bd3 Bg4 11. Be2 Bf5 12. Bd3 Bg4 13. Be2 Bf5 14. Bd3 Bg4
1/2-1/2

[Event "Int. Stuttgarter Stadtmeisterschaft B"]
[Site "Ditzingen"]
[Date "2016.05.07"]
[Round "6.48"]
[White "Herbst, Karin"]
[Black "Häfele, Torsten"]
[Result "1-0"]
[WhiteElo "1601"]
[BlackElo "1825"]
[PlyCount "76"]
[EventDate "2016.??.??"]
[WhiteTeam "SG Fasanenhof"]
[BlackTeam "SF Illingen"]

1. c4 f5 2. Nc3 Nf6 3. d4 d6 4. Nf3 g6 5. Bf4 Bg7 6. h3 O-O 7. e3 c6 8. Be2 h6
9. Bh2 a5 10. Qc2 Na6 11. a3 Bd7 12. O-O Rc8 13. Rac1 Kh8 14. Qb1 c5 15. d5 Qe8
16. Bd3 e5 17. dxe6 Qxe6 18. Nd2 Bc6 19. Rfe1 Qd7 20. e4 f4 21. f3 Ng8 22. Nd5
Bxd5 23. exd5 Ne7 24. Bxg6 Nxg6 25. Qxg6 Bd4+ 26. Kf1 Rf6 27. Qd3 Be5 28. Ne4
Rf7 29. Qc2 Rg7 30. Qf2 Rcg8 31. Qh4 Rxg2 32. Qxh6+ Qh7 33. Bxf4 Bxb2 34. Rb1
Bd4 35. Qxd6 Qxh3 36. Be5+ Bxe5 37. Qxe5+ R2g7+ 38. Ke2 Qh2+ 1-0

[Event "Int. Stuttgarter Stadtmeisterschaft B"]
[Site "Ditzingen"]
[Date "2016.05.07"]
[Round "6.49"]
[White "Steinhart, Matthias"]
[Black "Yi, Wendy"]
[Result "1/2-1/2"]
[WhiteElo "1741"]
[BlackElo "1559"]
[PlyCount "65"]
[EventDate "2016.??.??"]
[WhiteTeam "SF Freiberg"]
[BlackTeam "SF Kornwestheim"]

1. e4 e5 2. Nf3 Nc6 3. Bb5 a6 4. Ba4 Nf6 5. d4 b5 6. Bb3 exd4 7. e5 Ne4 8. Bd5
Bb4+ 9. c3 dxc3 10. O-O Nd2 11. Nbxd2 cxd2 12. Bxd2 Bxd2 13. Qxd2 O-O 14. Nd4
Bb7 15. Rfd1 Rb8 16. Bxc6 Bxc6 17. Nxc6 dxc6 18. Qc3 Qe7 19. f4 c5 20. Rd5 c4
21. Qd4 Rbd8 22. Rd1 Rxd5 23. Qxd5 Qe6 24. Qc5 Qb6 25. Qxb6 cxb6 26. Rd6 Rb8
27. Kf2 Kf8 28. Ke3 Ke7 29. Ke4 Rb7 30. a3 Rd7 31. Rxb6 Rd2 32. Rb7+ Ke8 33.
Rb8+ 1/2-1/2

[Event "Int. Stuttgarter Stadtmeisterschaft B"]
[Site "Ditzingen"]
[Date "2016.05.07"]
[Round "6.50"]
[White "Bueble, Joschua"]
[Black "Pibernik, Dario"]
[Result "1/2-1/2"]
[WhiteElo "1343"]
[BlackElo "1562"]
[PlyCount "79"]
[EventDate "2016.??.??"]
[WhiteTeam "SV Stockenhausen-Frommern"]
[BlackTeam "SV Schorndorf"]

1. d4 Nf6 2. c4 e6 3. Nf3 b6 4. Bg5 Be7 5. Nc3 Bb7 6. e3 O-O 7. Be2 d5 8. O-O
Nbd7 9. a3 dxc4 10. Bxc4 Re8 11. Nd2 Nf8 12. f3 a6 13. Re1 h6 14. Bh4 Ng6 15.
Bf2 c6 16. Bd3 Qc7 17. Bxg6 fxg6 18. Qb3 Bd6 19. Bg3 Bxg3 20. hxg3 b5 21. Nde4
Nd5 22. Nc5 Nxc3 23. Qxc3 Bc8 24. f4 Kh8 25. Qc2 Qf7 26. Qe4 Bb7 27. Nxb7 Qxb7
28. Qxg6 c5 29. Qd3 Rad8 30. Reb1 cxd4 31. exd4 e5 32. Rd1 exf4 33. gxf4 Rd7
34. Re1 Rde7 35. Kf2 Qb6 36. Rxe7 Rxe7 37. a4 Qa5 38. Qb3 bxa4 39. Qxa4 Qh5 40.
Ra3 1/2-1/2

[Event "Int. Stuttgarter Stadtmeisterschaft B"]
[Site "Ditzingen"]
[Date "2016.05.07"]
[Round "6.51"]
[White "Blum, Michael"]
[Black "Wagner, Dimitrij"]
[Result "0-1"]
[WhiteElo "1537"]
[BlackElo "1445"]
[PlyCount "84"]
[EventDate "2016.??.??"]
[WhiteTeam "SC Aidlingen"]
[BlackTeam "SV Hülzweiler"]

1. e4 c6 2. d4 d5 3. Nc3 dxe4 4. Nxe4 Bf5 5. Ng3 Bg6 6. Nf3 Nd7 7. Bd3 Bxd3 8.
Qxd3 e6 9. O-O Ngf6 10. Re1 Qc7 11. Bg5 O-O-O 12. c3 h6 13. Bd2 Bd6 14. Nf1 e5
15. Ng3 Rhe8 16. Nh4 e4 17. Qc4 Nb6 18. Qb3 g6 19. h3 Bf4 20. Rad1 Bxg3 21.
fxg3 Qxg3 22. Bxh6 Qxh4 23. Bg7 Re6 24. c4 c5 25. d5 Red6 26. Qa3 a6 27. Qxc5+
Kb8 28. b3 Nc8 29. a4 Rg8 30. Bxf6 Qxf6 31. Rxe4 Qd8 32. a5 Re8 33. Rf4 Qe7 34.
Rf3 f5 35. Qd4 Qf6 36. Qxf6 Rxf6 37. c5 Na7 38. Kf2 Rf7 39. d6 Nc6 40. d7 Rd8
41. Rd6 Rfxd7 42. Rxg6 Ne5 0-1

[Event "Int. Stuttgarter Stadtmeisterschaft B"]
[Site "Ditzingen"]
[Date "2016.05.07"]
[Round "6.52"]
[White "Meinecke, Klaus-Hinrich"]
[Black "Hauger, Albrecht"]
[Result "1-0"]
[WhiteElo "1783"]
[BlackElo "1429"]
[PlyCount "63"]
[EventDate "2016.??.??"]
[WhiteTeam "TSV Münchingen"]
[BlackTeam "SC Magstadt"]

1. e4 c5 2. Nf3 d6 3. d4 cxd4 4. Nxd4 Bd7 5. Be3 a6 6. c4 Nc6 7. Nc3 e6 8. Be2
Ne5 9. f4 Ng6 10. O-O e5 11. fxe5 dxe5 12. Nc2 Nf6 13. Nd5 Nxd5 14. cxd5 Bd6
15. Qd2 f6 16. a4 a5 17. Bh5 O-O 18. Qd3 Be8 19. Bxg6 Bxg6 20. g4 b6 21. Rf2
Ra7 22. Na3 Be8 23. Nc4 Bc5 24. Bxc5 bxc5 25. b3 Raf7 26. Raf1 h6 27. Qc3 Ra7
28. Nxe5 Qd6 29. Nc4 Qd8 30. h3 Bg6 31. Nd2 Raf7 32. Qxc5 1-0

[Event "Int. Stuttgarter Stadtmeisterschaft B"]
[Site "Ditzingen"]
[Date "2016.05.07"]
[Round "6.53"]
[White "Lin, Jean-Claude"]
[Black "Funk, Christian"]
[Result "1-0"]
[WhiteElo "1347"]
[BlackElo "1411"]
[PlyCount "47"]
[EventDate "2016.??.??"]
[WhiteTeam "SC Sillenbuch"]
[BlackTeam "Ssg Fils-Lauter"]

1. d4 d5 2. c4 dxc4 3. Nc3 Nf6 4. e3 b6 5. Bxc4 Bb7 6. Nf3 e6 7. a3 Bd6 8. Bd3
O-O 9. e4 Be7 10. O-O Nbd7 11. e5 Nd5 12. Ne4 Rc8 13. Neg5 h6 14. Ne4 c5 15.
Nd6 Bxd6 16. exd6 N5f6 17. dxc5 Rxc5 18. Qa4 Bc6 19. Qh4 Bb7 20. Bxh6 Nh7 21.
Bxh7+ Kxh7 22. Bg5+ Kg8 23. Bxd8 Rxd8 24. Qxd8+ 1-0

[Event "Int. Stuttgarter Stadtmeisterschaft B"]
[Site "Ditzingen"]
[Date "2016.05.08"]
[Round "7.1"]
[White "Kelemen, Alexander"]
[Black "Kleih, Julian"]
[Result "1/2-1/2"]
[WhiteElo "1723"]
[BlackElo "1887"]
[PlyCount "39"]
[EventDate "2016.??.??"]
[WhiteTeam "SC Weiße Dame Ulm"]
[BlackTeam "SV Dettingen Erms"]

1. e4 c5 2. Nf3 Nc6 3. d4 cxd4 4. Nxd4 g6 5. c4 Bg7 6. Be3 Nf6 7. Nc3 Ng4 8.
Qxg4 Nxd4 9. Qd1 Ne6 10. Qd2 Qa5 11. Rc1 b6 12. Qd5 Qxd5 13. cxd5 Nd4 14. Bxd4
Bxd4 15. Rc2 O-O 16. Nb5 Be5 17. Nc7 Rb8 18. Na6 Ra8 19. Nc7 Rb8 20. Na6
1/2-1/2

[Event "Int. Stuttgarter Stadtmeisterschaft B"]
[Site "Ditzingen"]
[Date "2016.05.08"]
[Round "7.2"]
[White "Shahisavandi, Abdollah"]
[Black "Dreyer, Andre"]
[Result "1-0"]
[WhiteElo "1848"]
[BlackElo "1855"]
[PlyCount "117"]
[EventDate "2016.??.??"]
[WhiteTeam "Karlsruher SF"]
[BlackTeam "SV Stockenhausen-Frommern"]

1. d4 Nf6 2. Bf4 d5 3. e3 c5 4. Nf3 Nc6 5. c3 Qb6 6. Qc2 Bf5 7. dxc5 Bxc2 8.
cxb6 axb6 9. Na3 Bf5 10. Nb5 Rc8 11. Bc7 Nd7 12. O-O-O e6 13. Bd3 Bxd3 14. Rxd3
Nc5 15. Rdd1 Ne4 16. Rhf1 Na7 17. Nxa7 Rxc7 18. Nb5 Rc5 19. a4 Nd6 20. Nfd4
Nxb5 21. Nxb5 Be7 22. Rd2 f5 23. Rfd1 Kf7 24. Kc2 g5 25. f3 h5 26. e4 dxe4 27.
fxe4 Kf6 28. exf5 exf5 29. Rd7 Re5 30. Rxb7 Bc5 31. b4 Bf2 32. Nd4 Bxd4 33.
Rxd4 Re2+ 34. Rd2 Re6 35. Rbd7 Ra8 36. Kb3 Rae8 37. R7d6 h4 38. b5 g4 39. Kb4
h3 40. gxh3 gxh3 41. Rxe6+ Rxe6 42. Rd3 f4 43. Rxh3 Re3 44. Rh8 f3 45. Rf8+ Ke5
46. Kb3 Ke4 47. a5 bxa5 48. b6 a4+ 49. Kc4 a3 50. b7 a2 51. Ra8 f2 52. Re8+ Kf3
53. Rf8+ Ke4 54. b8=Q Rxc3+ 55. Kb4 a1=Q 56. Qf4+ Kd5 57. Rd8+ Ke6 58. Rd6+ Ke7
59. Qf6+ 1-0

[Event "Int. Stuttgarter Stadtmeisterschaft B"]
[Site "Ditzingen"]
[Date "2016.05.08"]
[Round "7.3"]
[White "Kozina, Vinko"]
[Black "Winkler, Tim"]
[Result "0-1"]
[WhiteElo "1855"]
[BlackElo "1868"]
[PlyCount "96"]
[EventDate "2016.??.??"]
[WhiteTeam "TSV/RSK Esslingen"]
[BlackTeam "SF Deizisau"]

1. Nf3 d6 2. b3 Nf6 3. Bb2 c5 4. d3 Nc6 5. e4 e5 6. h3 g6 7. g4 Bd7 8. Nc3 a6
9. a4 Qa5 10. Bg2 Bg7 11. O-O h6 12. Nd2 g5 13. Nc4 Qc7 14. a5 Ne7 15. Nb6 Rd8
16. Re1 Ng6 17. Bc1 Be6 18. Be3 Qe7 19. Ne2 Nf4 20. Ng3 Nd7 21. Nf5 Bxf5 22.
exf5 Nxg2 23. Kxg2 Nxb6 24. axb6 Rc8 25. Qd2 Rc6 26. b4 Rxb6 27. bxc5 dxc5 28.
Ra4 O-O 29. h4 f6 30. f3 Rc8 31. Qf2 Rbc6 32. Re4 Qd7 33. Rc4 Bf8 34. hxg5 hxg5
35. Rh1 b5 36. Rc3 c4 37. d4 exd4 38. Bxd4 Bc5 39. Bxc5 Rxc5 40. Re3 Rd5 41.
Re2 Re8 42. Rhe1 Rxe2 43. Rxe2 c3 44. Qe3 Re5 45. Qf2 Rxe2 46. Qxe2 Qd2 47. Kf1
Qxe2+ 48. Kxe2 b4 0-1

[Event "Int. Stuttgarter Stadtmeisterschaft B"]
[Site "Ditzingen"]
[Date "2016.05.08"]
[Round "7.4"]
[White "Handel, Oliver"]
[Black "Longo, Massimo"]
[Result "1-0"]
[WhiteElo "1854"]
[BlackElo "1719"]
[PlyCount "133"]
[EventDate "2016.??.??"]
[WhiteTeam "SF Kornwestheim"]
[BlackTeam "SK Gräfelfing"]

1. e4 d6 2. d4 Nf6 3. Nc3 e5 4. Nf3 Nbd7 5. Bc4 Be7 6. h3 O-O 7. O-O c6 8. a4
b6 9. Qe2 a6 10. Rd1 Qc7 11. Bg5 Bb7 12. Bh4 b5 13. Bd3 Rfe8 14. Bg3 exd4 15.
Nxd4 c5 16. Nf5 c4 17. Bxc4 bxc4 18. Nxe7+ Rxe7 19. Bxd6 Qd8 20. Bxe7 Qxe7 21.
Qxc4 Rc8 22. Qd4 Qe6 23. f3 h6 24. Rd2 Ne5 25. b3 Nh5 26. Ne2 Rc6 27. c4 Nxf3+
28. gxf3 Qxh3 29. Kf2 Rf6 30. Ng1 Qg3+ 31. Kf1 Qh4 32. Ke2 Ng3+ 33. Kd1 Nf1 34.
Rf2 Rd6 35. Qxd6 Qxf2 36. Ne2 Ne3+ 37. Kd2 Nf1+ 38. Rxf1 Qxf1 39. Qb8+ Kh7 40.
Qxb7 Qxf3 41. c5 f5 42. Nd4 Qf2+ 43. Kd3 Qf1+ 44. Kc3 Qc1+ 45. Nc2 Qg1 46. Qd5
Qg3+ 47. Qd3 Qe5+ 48. Qd4 Qg3+ 49. Kc4 f4 50. c6 f3 51. Ne3 f2 52. Nf1 Qh3 53.
Qd3 Qe6+ 54. Qd5 Qe7 55. b4 a5 56. bxa5 Qa3 57. Kb5 Qb2+ 58. Kc5 Qc1+ 59. Qc4
Qg5+ 60. Kb6 Qd8+ 61. c7 Qd6+ 62. Qc6 Qb4+ 63. Ka6 Qe1 64. c8=Q Qxf1+ 65. Qb5
Qxb5+ 66. axb5 f1=Q 67. Qf5+ 1-0

[Event "Int. Stuttgarter Stadtmeisterschaft B"]
[Site "Ditzingen"]
[Date "2016.05.08"]
[Round "7.5"]
[White "Christ, Marcel"]
[Black "Tönjes, Jürgen"]
[Result "0-1"]
[WhiteElo "1708"]
[BlackElo "1838"]
[PlyCount "76"]
[EventDate "2016.??.??"]
[WhiteTeam "SC Ingersheim"]
[BlackTeam "SF Lilienthal"]

1. d4 d5 2. c4 c6 3. Nc3 Nf6 4. Nf3 Bf5 5. Qb3 Qb6 6. cxd5 Qxb3 7. axb3 Nxd5 8.
Bf4 Nxf4 9. e4 Bg4 10. Ne5 Bh5 11. g4 Bg6 12. Nc4 Nd7 13. Na5 Rb8 14. d5 cxd5
15. exd5 e6 16. Nc6 bxc6 17. dxc6 Bb4 18. Rxa7 Bxc3+ 19. bxc3 O-O 20. Rxd7 Rxb3
21. Kd2 Be4 22. Rb7 Bxc6 23. Rc7 Rd8+ 24. Kc2 Ba4 25. Kc1 Rbb8 26. Ba6 Bb5 27.
Bxb5 Rxb5 28. Kc2 g6 29. Ra1 Nd5 30. Rc4 Rb7 31. Rd1 Rdb8 32. Kd3 Rb2 33. Rf1
Rd8 34. Ke4 Kg7 35. g5 Rc2 36. Kd3 Nb6+ 37. Kxc2 Nxc4 38. Kb3 Nd2+ 0-1

[Event "Int. Stuttgarter Stadtmeisterschaft B"]
[Site "Ditzingen"]
[Date "2016.05.08"]
[Round "7.6"]
[White "Pfeilsticker, Thorsten"]
[Black "Santiago, Nicolas"]
[Result "0-1"]
[WhiteElo "1560"]
[BlackElo "1785"]
[PlyCount "80"]
[EventDate "2016.??.??"]
[WhiteTeam "SV Stuttgart-Wolfbusch"]
[BlackTeam "SC Kreut"]

1. b4 e5 2. Bb2 Bxb4 3. Bxe5 Nf6 4. Nf3 O-O 5. c4 Nc6 6. Bb2 Re8 7. e3 d5 8.
cxd5 Nxd5 9. Be2 Qd6 10. Qc2 Nde7 11. O-O Bf5 12. d3 Ba5 13. a3 Rad8 14. Rd1
Qg6 15. Nh4 Qg5 16. Nxf5 Nxf5 17. Nc3 Nxe3 18. fxe3 Qxe3+ 19. Kh1 Nd4 20. Qb1
Bxc3 21. Bxc3 Nxe2 22. Re1 Nxc3 23. Rxe3 Nxb1 24. Rxe8+ Rxe8 25. Rxb1 Re3 26.
Kg1 b6 27. Rc1 Re7 28. d4 f6 29. Kf2 Kf7 30. Rc6 Ke8 31. a4 Kd7 32. Rc3 a5 33.
h4 Re4 34. Rg3 Re7 35. h5 Kd6 36. Rf3 Re6 37. g4 Kd5 38. g5 fxg5 39. Rf5+ Kxd4
40. Rxg5 Re7 0-1

[Event "Int. Stuttgarter Stadtmeisterschaft B"]
[Site "Ditzingen"]
[Date "2016.05.08"]
[Round "7.7"]
[White "Strauss, Martin"]
[Black "Kußmann, Alexander"]
[Result "1-0"]
[WhiteElo "1759"]
[BlackElo "1681"]
[PlyCount "57"]
[EventDate "2016.??.??"]
[WhiteTeam "SC Sillenbuch"]
[BlackTeam "SC Aidlingen"]

1. e4 c5 2. Nf3 e6 3. d4 cxd4 4. Nxd4 Bc5 5. Be3 Qb6 6. Nc3 Nc6 7. Ncb5 a6 8.
Nxc6 Bxe3 9. fxe3 Qxe3+ 10. Qe2 Qxe2+ 11. Bxe2 axb5 12. Nd4 Ra4 13. Nxb5 Rxe4
14. Nd6+ Ke7 15. Nxe4 d5 16. Nf2 Bd7 17. O-O-O Nf6 18. Rhe1 Ra8 19. Kb1 Ba4 20.
Bf3 Rc8 21. b3 Bc6 22. Nd3 d4 23. Nb4 Bxf3 24. gxf3 Ne8 25. Rxd4 Nd6 26. Nd5+
Kd8 27. Nb6 Rc3 28. Rxd6+ Ke7 29. Nd5+ 1-0

[Event "Int. Stuttgarter Stadtmeisterschaft B"]
[Site "Ditzingen"]
[Date "2016.05.08"]
[Round "7.8"]
[White "Giebler, Kai"]
[Black "Jäger, Hans-Ulrich"]
[Result "1/2-1/2"]
[WhiteElo "1789"]
[BlackElo "1855"]
[PlyCount "56"]
[EventDate "2016.??.??"]
[WhiteTeam "TSF Ditzingen"]
[BlackTeam "SC Sillenbuch"]

1. e4 e5 2. Nf3 Nc6 3. d4 exd4 4. Nxd4 Bc5 5. Nb3 Bb6 6. Nc3 Nf6 7. Bg5 d6 8.
f3 h6 9. Bd2 a6 10. Qe2 Qe7 11. O-O-O a5 12. a4 Nb4 13. Be1 c6 14. Bg3 Bc7 15.
Qd2 d5 16. exd5 Nbxd5 17. Nxd5 Nxd5 18. Re1 Be6 19. Bxc7 Qxc7 20. Nc5 O-O-O 21.
Nxe6 fxe6 22. Bc4 Kb8 23. Bb3 Rhe8 24. g3 b6 25. f4 e5 26. Bxd5 Rxd5 27. Qc3
Rc5 28. Qb3 Kb7 1/2-1/2

[Event "Int. Stuttgarter Stadtmeisterschaft B"]
[Site "Ditzingen"]
[Date "2016.05.08"]
[Round "7.10"]
[White "Löchel, Günter"]
[Black "Zimmermann, Tobias"]
[Result "1/2-1/2"]
[WhiteElo "1744"]
[BlackElo "1820"]
[PlyCount "53"]
[EventDate "2016.??.??"]
[WhiteTeam "SC Kreut"]
[BlackTeam "SC Botnang"]

1. e4 c5 2. Nf3 d6 3. h3 Nf6 4. Nc3 e6 5. d4 cxd4 6. Nxd4 a6 7. Bd3 Nbd7 8. O-O
Qc7 9. Nce2 b5 10. Be3 Bb7 11. f3 Be7 12. c3 Ne5 13. Bf2 O-O 14. Ng3 d5 15.
exd5 Nxd3 16. Qxd3 Bxd5 17. Rfe1 Rad8 18. Qe3 Rfe8 19. Ne4 Bb7 20. Bg3 e5 21.
Nxf6+ Bxf6 22. Nb3 Rd5 23. Rad1 Qd8 24. Rxd5 Qxd5 25. Qd2 Rd8 26. Qxd5 Rxd5 27.
f4 1/2-1/2

[Event "Int. Stuttgarter Stadtmeisterschaft B"]
[Site "Ditzingen"]
[Date "2016.05.08"]
[Round "7.11"]
[White "Braun, Tobias"]
[Black "Engelhardt, Frank"]
[Result "1-0"]
[WhiteElo "1732"]
[BlackElo "1807"]
[PlyCount "87"]
[EventDate "2016.??.??"]
[WhiteTeam "SSV Zuffenhausen"]
[BlackTeam "SC Botnang"]

1. d4 Nf6 2. c4 g6 3. Nc3 Bg7 4. e4 d6 5. f3 O-O 6. Be3 c6 7. Qd2 e5 8. d5 c5
9. Bd3 Na6 10. a3 Bd7 11. Nge2 Nh5 12. g4 Nf6 13. h4 h5 14. gxh5 Nxh5 15. O-O-O
Qa5 16. Rdg1 Nc7 17. Ng3 Nf4 18. h5 g5 19. h6 Bf6 20. Nh5 Nxh5 21. Bxg5 Kh7 22.
Rxh5 Rg8 23. Qh2 Bh8 24. Be7 b5 25. cxb5 c4 26. Bxc4 Nxb5 27. Bxb5 Bxb5 28.
Rxg8 Rxg8 29. Rg5 Qc7 30. Qg2 Rg6 31. Rxg6 fxg6 32. Bxd6 Qxd6 33. Nxb5 Qc5+ 34.
Nc3 Qe3+ 35. Kb1 Bf6 36. Qe2 Qc5 37. Qd3 Be7 38. Nb5 a6 39. d6 Bd8 40. Nc3 Kxh6
41. Qxa6 Kg5 42. Qd3 Kf4 43. d7 Qd4 44. Ne2+ 1-0

[Event "Int. Stuttgarter Stadtmeisterschaft B"]
[Site "Ditzingen"]
[Date "2016.05.08"]
[Round "7.12"]
[White "Grünert, Thomas"]
[Black "Wachtel, Arthur"]
[Result "1-0"]
[WhiteElo "1807"]
[BlackElo "1706"]
[PlyCount "51"]
[EventDate "2016.??.??"]
[WhiteTeam "SF Illingen"]
[BlackTeam "SK Freising"]

1. d4 e6 2. Nf3 Nf6 3. e3 b6 4. Bd3 Bb7 5. Nbd2 Be7 6. b3 O-O 7. Bb2 d6 8. O-O
Nbd7 9. c4 h6 10. Rc1 c5 11. Qe2 Rc8 12. a3 d5 13. Ne5 cxd4 14. exd4 dxc4 15.
Ndxc4 Bd5 16. b4 Nxe5 17. dxe5 Nd7 18. Ne3 Rxc1 19. Rxc1 Bb7 20. Bb1 Re8 21.
Rd1 Qc8 22. Ng4 Qc6 23. f3 Nf8 24. Nf6+ gxf6 25. exf6 Bd6 26. Qd2 1-0

[Event "Int. Stuttgarter Stadtmeisterschaft B"]
[Site "Ditzingen"]
[Date "2016.05.08"]
[Round "7.13"]
[White "Ziegler, Michael"]
[Black "Ellinger, Harald"]
[Result "0-1"]
[WhiteElo "1648"]
[BlackElo "1854"]
[PlyCount "54"]
[EventDate "2016.??.??"]
[WhiteTeam "SF Kornwestheim"]
[BlackTeam "SK Gerlingen"]

1. e4 c5 2. Nf3 d6 3. d4 cxd4 4. Nxd4 Nf6 5. Nc3 Nc6 6. Nxc6 bxc6 7. Be2 Bb7 8.
O-O g6 9. Bf4 Bg7 10. Qd2 O-O 11. Rad1 Qa5 12. Bh6 Rfd8 13. Bxg7 Kxg7 14. b4
Qc7 15. f3 Rac8 16. Bd3 d5 17. exd5 Nxd5 18. Na4 Rd6 19. c4 Nf6 20. Qc3 Kg8 21.
Rfe1 Ne8 22. Re3 Rcd8 23. Nc5 Bc8 24. Rde1 e6 25. a4 Rd4 26. g3 Qd6 27. Nb3
Rxd3 0-1

[Event "Int. Stuttgarter Stadtmeisterschaft B"]
[Site "Ditzingen"]
[Date "2016.05.08"]
[Round "7.15"]
[White "Vuckovic, Nebojsa"]
[Black "Lehmann, Joachim"]
[Result "1/2-1/2"]
[WhiteElo "1626"]
[BlackElo "1806"]
[PlyCount "59"]
[EventDate "2016.??.??"]
[WhiteTeam "SV Reutlingen"]
[BlackTeam "Ilmenauer SV"]

1. c3 d5 2. Qc2 Nf6 3. d3 e5 4. e4 c6 5. Nf3 Qc7 6. Be2 Be7 7. h3 h6 8. Be3 b6
9. Nbd2 Nbd7 10. Rc1 Bb7 11. O-O O-O 12. d4 Rac8 13. Nh4 Nxe4 14. Nf5 Ndf6 15.
Nf3 exd4 16. Bxd4 c5 17. Be5 Qd7 18. g4 Qe6 19. Rfe1 Bd6 20. Bxd6 Nxd6 21. Ba6
Qd7 22. Nxd6 Bxa6 23. Nxc8 Bxc8 24. Ne5 Qd6 25. Qd3 Bb7 26. Re3 Rd8 27. Rce1 d4
28. Rg3 Re8 29. f4 Qd5 30. Qf3 1/2-1/2

[Event "Int. Stuttgarter Stadtmeisterschaft B"]
[Site "Ditzingen"]
[Date "2016.05.08"]
[Round "7.16"]
[White "Michna, Marcus"]
[Black "Uhlarz, Jörg"]
[Result "1/2-1/2"]
[WhiteElo "1784"]
[BlackElo "1592"]
[PlyCount "103"]
[EventDate "2016.??.??"]
[WhiteTeam "TSF Ditzingen"]
[BlackTeam "SC Mühlacker"]

1. d4 f5 2. e4 fxe4 3. Nc3 c6 4. f3 d5 5. fxe4 e6 6. Nf3 Qa5 7. exd5 cxd5 8.
Bd3 Bb4 9. Bd2 Nf6 10. O-O Bxc3 11. Bxc3 Qb6 12. Kh1 O-O 13. Qe2 Nc6 14. a3 Bd7
15. Rae1 Rae8 16. Qd2 Kh8 17. Qg5 Qc7 18. Qh4 Ne4 19. Ng5 Nxg5 20. Qxg5 Bc8 21.
Qh5 g6 22. Bxg6 Rd8 23. Qh6 Qg7 24. Qxg7+ Kxg7 25. Bd3 h6 26. Rxf8 Rxf8 27. Rf1
Rd8 28. Re1 Kf6 29. Kg1 Bd7 30. Bd2 Rh8 31. c3 e5 32. Rf1+ Kg7 33. dxe5 Nxe5
34. Bc2 Nc4 35. Bc1 Re8 36. Kf2 Bg4 37. Kg3 h5 38. h3 Bd7 39. b3 Nb6 40. Bb2
Bc6 41. c4+ Kg8 42. cxd5 Nxd5 43. Bg6 Re2 44. Bf7+ Kh7 45. Bd4 Ne3 46. Bxe3
Rxe3+ 47. Kf2 Rc3 48. Kg1 Rg3 49. Rf2 Kh6 50. Bc4 Kg5 51. Be6 h4 52. Rf5+
1/2-1/2

[Event "Int. Stuttgarter Stadtmeisterschaft B"]
[Site "Ditzingen"]
[Date "2016.05.08"]
[Round "7.17"]
[White "Mayer, Dietmar"]
[Black "Sax, Leon"]
[Result "1/2-1/2"]
[WhiteElo "1662"]
[BlackElo "1727"]
[PlyCount "22"]
[EventDate "2016.??.??"]
[WhiteTeam "SC Böblingen"]
[BlackTeam "SK Sachsenheim"]

1. c4 e6 2. Nf3 Nf6 3. g3 d5 4. b3 c6 5. Bg2 g6 6. Bb2 Bg7 7. d4 O-O 8. O-O
Nbd7 9. Qc2 a6 10. Nc3 b5 11. Nd2 Bb7 1/2-1/2